The log home: classic log cabins of North America (Record no. 66983)
[ view plain ]
| 000 -LEADER | |
|---|---|
| fixed length control field | 00275nam a22001097a 4500 |
| 005 - DATE AND TIME OF LATEST TRANSACTION | |
| control field | 20251013102321.0 |
| 008 - FIXED-LENGTH DATA ELEMENTS--GENERAL INFORMATION | |
| fixed length control field | 251013b |||||||| |||| 00| 0 eng d |
| 040 ## - CATALOGING SOURCE | |
| Transcribing agency | PK-LaNCA |
| 082 ## - DEWEY DECIMAL CLASSIFICATION NUMBER | |
| Classification number | 728.73 |
| Item number | LOG |
| 245 ## - TITLE STATEMENT | |
| Title | The log home: classic log cabins of North America |
| 942 ## - ADDED ENTRY ELEMENTS (KOHA) | |
| Koha item type | Book |
| 999 ## - | |
| -- | 66983 |
| -- | 66983 |
| Withdrawn status | Weedout from Library | Permanent Location | Current Location | Date acquired | Full call number | Barcode | Price effective from | Koha item type |
|---|---|---|---|---|---|---|---|---|
| NATIONAL COLLEGE OF ARTS, RAWALPINDI CAMPUS - LIBRARY | NATIONAL COLLEGE OF ARTS, RAWALPINDI CAMPUS - LIBRARY | 13/10/2025 | LOG 728.73 RP007532 | RP007532 | 13/10/2025 | Book |